000 00612nam a2200229 i 4500
001 bg
100 1 _aHales, Colin F.
245 1 0 _aOpakowanie jako instrument marketingu /
_cColin F. Hales.
260 _aWarszawa :
_bPolskie Wydawnictwo Ekonomiczne,
_c1999.
300 _a154 s. ;
_c21 cm.
504 _aBibliogr. s. 153-154.
650 9 _aOpakowania
_xmarketing
020 _a8320812232
040 _cBPK
041 0 _apol
044 _aPOL
080 _a621.798:339.138
920 _a83-208-1223-2
942 _cKS
008 130116s pl a f |000 0 pol
999 _c53917
_d53917
856 _uhttp://koha.tu.koszalin.pl/cgi-bin/koha/opac-detail.pl?biblionumber=53917
_yKatalog online BPK